Vista normal
Vista MARC
Entrada Personal Name
Número de registros utilizados en: 2
001 - CONTROL NUMBER
- control field: 7683
003 - CONTROL NUMBER IDENTIFIER
- control field: OSt
005 - DATE AND TIME OF LATEST TRANSACTION
- control field: 20200723144121.0
008 - FIXED-LENGTH DATA ELEMENTS
- fixed length control field: 200723|| aca||aabn | a|a d
040 ## - CATALOGING SOURCE
- Original cataloging agency: OSt
- Transcribing agency: OSt
100 ## - HEADING--PERSONAL NAME
- Personal name: Bonilla González, Ricardo,
- Dates associated with a name:
670 ## - SOURCE DATA FOUND
- Source citation: Work cat.: (OSt)5605: Flórez Enciso, Luis Bernardo, director 7120, Gestión económica estatal de los ochentas : , 1995